Germany Country Quiz (Picture Quiz) - Statistics

General Stats
  • This quiz has been taken 26 times
  • The average score is 12 of 16
Answer Stats
Picture Answer % Correct
Beer
100%
Mercedes Benz
100%
Angela Merkel
92%
Frankfurt Am Main
83%
Porsche
83%
Lederhosen
79%
Pretzel
79%
Schnitzel
79%
Brandenburger Tor
75%
Dachshund
71%
Glocken
71%
Olaf Scholz
67%
Currywurst
58%
Weimar Eagle
58%
Fernsehturm
46%
Tyrolean Hat
29%
No matching quizzes found
Score Distribution
Percent of People with Each Score
Percentile by Number Answered
Your Score History
You have not taken this quiz